000 00503nam a22001697a 4500
005 20251108165437.0
008 250721s2002 xx 000 0 ara d
082 1 4 _a956/بطا
100 1 _aالبطاينة، محمد ضيف الله
245 1 0 _aالحضارة الإسلامية /
264 1 _aعمان :
_bدار الفرقان،
_c2002.
300 _a420ص.
650 1 7 _aالتاريخ الإسلامي
650 1 7 _aالحضارة الإسلامية
942 _2ddc
_cBK
999 _c28075
_d28075